5HLuxD.jpg

KING HENRY VIII SENIOR AND PRIMARY SCHOOL LIBRARY OPAC

A spool of blue thread / (Record no. 1173)

000 -LEADER
fixed length control field 01288pam a2200313 i 4500
001 - CONTROL NUMBER
control field 017389363
003 - CONTROL NUMBER IDENTIFIER
control field Uk
005 - DATE AND TIME OF LATEST TRANSACTION
control field 20220805101459.0
008 - FIXED-LENGTH DATA ELEMENTS--GENERAL INFORMATION
fixed length control field 150416s2015 enk 000 1 eng d
015 ## - NATIONAL BIBLIOGRAPHY NUMBER
National bibliography number GBB573155
Source bnb
016 7# - NATIONAL BIBLIOGRAPHIC AGENCY CONTROL NUMBER
Record control number 017389363
Source Uk
020 ## - INTERNATIONAL STANDARD BOOK NUMBER
International Standard Book Number 9781784701093
040 ## - CATALOGING SOURCE
Original cataloging agency StDuBDS
Language of cataloging eng
Transcribing agency StDuBDS
Modifying agency Uk
-- KH8
Description conventions rda
042 ## - AUTHENTICATION CODE
Authentication code ukblcatcopy
082 ## - DEWEY DECIMAL CLASSIFICATION NUMBER
Classification number FIC TYL
100 1# - MAIN ENTRY--PERSONAL NAME
Personal name Tyler, Anne,
Relator term author.
245 12 - TITLE STATEMENT
Title A spool of blue thread /
Statement of responsibility, etc. Anne Tyler.
264 #1 - PRODUCTION, PUBLICATION, DISTRIBUTION, MANUFACTURE, AND COPYRIGHT NOTICE
Place of production, publication, distribution, manufacture London :
Name of producer, publisher, distributor, manufacturer Vintage,
Date of production, publication, distribution, manufacture, or copyright notice 2015.
300 ## - PHYSICAL DESCRIPTION
Extent 465 pages ;
Dimensions 18 cm.
336 ## - CONTENT TYPE
Content type term text
Source rdacontent
337 ## - MEDIA TYPE
Media type term unmediated
Source rdamedia
338 ## - CARRIER TYPE
Carrier type term volume
Source rdacarrier
500 ## - GENERAL NOTE
General note Originally published: London: Chatto & Windus.
500 ## - GENERAL NOTE
General note Formerly CIP.
Institution to which field applies Uk
520 ## - SUMMARY, ETC.
Summary, etc. The whole family on the porch, relaxed, half-listening as their mother tells the same tale they have heard so many times before. And yet this gathering is different. Abby and Red are getting older, and decisions must be made about how best to look after them and their beloved family home.
586 ## - AWARDS NOTE
Awards note Short-listed for Baileys Womens Prize for Fiction 2015 (UK)<br/>Short-listed for Man Booker Prize for Fiction 2015 (UK)<br/>Long-listed for I.M.P.A.C. Dublin Award 2017 (UK)
655 #0 - INDEX TERM--GENRE/FORM
Genre/form data or focus term Domestic fiction.
942 ## - ADDED ENTRY ELEMENTS (KOHA)
Source of classification or shelving scheme
Koha item type Books - Fiction
Holdings
Withdrawn status Lost status Source of classification or shelving scheme Damaged status Not for loan Collection code Permanent Location Current Location Shelving location Date acquired Full call number Barcode Date last seen Price effective from Koha item type
          Fiction KH8 Senior School Library KH8 Senior School Library Young Adult 2022-08-05 FIC TYL 3KHSL000101887 2024-07-23 2022-08-05 Books - Fiction

Powered By KH8 IT Dept